Statistics for Taylor Swift - Look What You Made Me Do Lyrics

Click here to take the quiz!

General Stats

  • This quiz has been taken 162 times
  • The average score is 532 of 556

Answer Stats

Answer% Correct
I
100%
do
99%
you
99%
You
99%
just
98%
look
98%
Look
98%
made
98%
me
98%
the
98%
The
98%
what
98%
(What?)
98%
a
97%
is
97%
no
97%
Oh
97%
Oh!
97%
then
97%
your
97%
all
96%
don't
96%
Don't
96%
like
96%
And
95%
and
95%
be
95%
but
95%
But
95%
dead
95%
dead!"
95%
games
95%
in
95%
it
95%
of
95%
Of
95%
on
95%
time
95%
to
95%
can't
94%
for
94%
got
94%
not
94%
phone
94%
right
94%
she's
94%
Taylor
94%
yours
94%
'cause
93%
come
93%
drama
93%
karma
93%
little
93%
mine
93%
nick
93%
now
93%
old
93%
play
93%
another
92%
I've
92%
list
92%
names
92%
once
92%
twice
92%
Why?
92%
world
92%
about
91%
check
91%
fool
91%
get
91%
harder
91%
red
91%
smarter
91%
actress
90%
bad
90%
day
90%
dreams
90%
from
90%
said
90%
think
90%
I'll
89%
nobody
89%
one
89%
starring
89%
thing's
89%
trust
89%
underlined
89%
when
89%
lie
88%
role
88%
rose
88%
stage
88%
sure
88%
was
88%
gun
87%
How
87%
laugh
87%
trusts
87%
up
87%
you'll
87%
sorry
86%
tilted
86%
Locked
85%
moves
85%
out
85%
belonged
84%
Isn't
84%
kingdom
84%
asked
83%
cool
83%
place
83%
sleep
83%
feast
81%
Honey
81%
"I'm
81%
threw
81%
Maybe
80%
They
80%
keys
79%
crime
76%
perfect
74%

Score Distribution

Percentile by Number Answered

Percent of People with Each Score

Your Score History

You have not taken this quiz